[Event "Niederrhein-ch"]
[Site "Solingen"]
[Date "2015.04.02"]
[Round "6"]
[White "Goerke, Joachim"]
[Black "Kappelt, Joerg"]
[Result "1/2-1/2"]
[WhiteElo "2097"]
[BlackElo "2203"]
[PlyCount "95"]
[EventDate "2015.03.28"]
[EventType "swiss"]
[EventRounds "7"]
[EventCountry "GER"]
[SourceTitle "EXT 2016"]
[Source "ChessBase"]
[SourceDate "2015.10.08"]
[SourceVersion "1"]
[SourceVersionDate "2015.10.08"]
[SourceQuality "1"]

1. e4 c5 2. Nf3 e6 3. d4 cxd4 4. Nxd4 Nf6 5. Nc3 Bb4 6. Ndb5 0-0 7. a3 Bxc3+ 8. Nxc3 d5 9. Bd3 dxe4 10. Nxe4 Nxe4 11. Bxe4 Qxd1+ 12. Kxd1 Nd7 13. c4 Nc5 14. Bc2 a5 15. Be3 b6 16. Ke2 a4 17. Bxc5 bxc5 18. b4 axb3 19. Bxb3 Rb8 20. Rhb1 Ba6 21. Ba2 g5 22. Kd3 Rbd8+ 23. Kc3 Rd7 24. Rb6 Bb7 25. f3 Rfd8 26. Bb1 g4 27. fxg4 Bxg2 28. a4 Rd1 29. Ra2 Bf3 30. Rf2 Rc1+ 31. Kb2 Rdd1 32. Bc2 Rf1 33. Rxf3 Rxc2+ 34. Kxc2 Rxf3 35. Rc6 h5 36. gxh5 Ra3 37. a5 f5 38. Rxc5 f4 39. Kd2 Ra2+ 40. Ke1 Kg7 41. h6+ Kxh6 42. Re5 Kg7 43. Rxe6 Rxa5 44. Re2 Kf6 45. Rc2 Rh5 46. c5 Ke7 47. c6 Kd8 48. Rc4 1/2-1/2

[Event "Solingen-ch"]
[Site "Solingen"]
[Date "2012.12.07"]
[Round "7"]
[White "Neumair, Jerome"]
[Black "Kappelt, Joerg"]
[Result "1-0"]
[WhiteElo "2077"]
[BlackElo "2174"]
[PlyCount "133"]
[EventDate "2012.09.14"]
[EventType "swiss"]
[EventRounds "7"]
[EventCountry "GER"]
[SourceTitle "EXT 2015"]
[Source "ChessBase"]
[SourceDate "2014.11.20"]
[SourceVersion "1"]
[SourceVersionDate "2014.11.20"]
[SourceQuality "1"]

1. d4 Nf6 2. c4 g6 3. Nc3 Bg7 4. e4 d6 5. Nf3 0-0 6. h3 Nbd7 7. Be3 e5 8. d5 Nh5 9. Nd2 c6 10. g3 Bf6 11. Be2 Ng7 12. Qc2 Bg5 13. Bxg5 Qxg5 14. h4 Qd8 15. h5 a6 16. 0-0-0 c5 17. f4 Ne8 18. Nf3 Ndf6 19. hxg6 fxg6 20. fxe5 dxe5 21. Qd2 Ng4 22. Rdf1 b5 23. cxb5 axb5 24. Bxb5 Nd6 25. Bd3 c4 26. Bb1 Bd7 27. Ng5 Qb6 28. Ne6 Rxf1+ 29. Rxf1 Rb8 30. Rf3 Qg1+ 31. Qd1 Qh2 32. Qe2 Qh1+ 33. Qd1 Qh6+ 34. Qd2 Qxd2+ 35. Kxd2 Rxb2+ 36. Bc2 Rb8 37. Nc5 Be8 38. Ne6 Bf7 39. Nc5 Kg7 40. a4 Ra8 41. Rf1 Ra5 42. Nd7 Ra7 43. Bd1 Nh2 44. Rf2 Rxd7 45. Rxh2 Rb7 46. Kc1 Ra7 47. Rb2 Ra6 48. Rb4 h5 49. Be2 g5 50. Kd2 Bg6 51. Ke3 h4 52. gxh4 gxh4 53. Bxc4 Ra8 54. Bf1 Rc8 55. Nb5 Nxe4 56. Rxe4 Bxe4 57. Kxe4 Ra8 58. Kxe5 Rxa4 59. Ke6 Re4+ 60. Kd7 Re1 61. Bg2 Rg1 62. Be4 Kf6 63. d6 h3 64. Kc7 Rc1+ 65. Kd8 h2 66. d7 Ke5 67. Bb7 1-0

[Event "Solingen-ch"]
[Site "Solingen"]
[Date "2012.09.28"]
[Round "2"]
[White "Kappelt, Joerg"]
[Black "Grosse Hering, Peter"]
[Result "1-0"]
[WhiteElo "2174"]
[BlackElo "1928"]
[PlyCount "99"]
[EventDate "2012.09.14"]
[EventType "swiss"]
[EventRounds "7"]
[EventCountry "GER"]
[SourceTitle "EXT 2015"]
[Source "ChessBase"]
[SourceDate "2014.11.20"]
[SourceVersion "1"]
[SourceVersionDate "2014.11.20"]
[SourceQuality "1"]

1. b3 d6 2. Bb2 e5 3. e3 Nf6 4. c4 g6 5. Nc3 Bg7 6. Be2 0-0 7. d3 c6 8. Nf3 Re8 9. 0-0 Nbd7 10. d4 e4 11. Nd2 Nf8 12. b4 h5 13. Nb3 N8h7 14. d5 Ng4 15. dxc6 bxc6 16. Nd4 Qh4 17. Bxg4 hxg4 18. Qe1 Qh5 19. Nde2 Ng5 20. Nf4 Qh6 21. Qc1 Nf3+ 22. gxf3 gxf3 23. Kh1 Bf5 24. Rg1 Be5 25. Rg3 Kg7 26. Qg1 Rh8 27. Rg5 Kf6 28. Rd1 Ke7 29. c5 Rh7 30. Ncd5+ cxd5 31. Nxd5+ Kf8 32. Bxe5 dxe5 33. Nf6 Rh8 34. Rd6 Bh3 35. Qg3 Kg7 36. Qxe5 Bg2+ 37. Kg1 Qxh2+ 38. Qxh2 Rxh2 39. Kxh2 Rh8+ 40. Kg3 Rh3+ 41. Kf4 Rh4+ 42. Ke5 Kh6 43. c6 Kxg5 44. Nxe4+ Kh6 45. Nf6 Rxb4 46. Rd8 Kg7 47. Rg8+ Kh6 48. c7 Rb5+ 49. Nd5 Rc5 50. c8Q 1-0

[Event "Niederrhein-ch "]
[Site "Krefeld"]
[Date "2012.04.05"]
[Round "6"]
[White "Komans, Dieter"]
[Black "Kappelt, Joerg"]
[Result "1-0"]
[WhiteElo "1953"]
[BlackElo "2155"]
[PlyCount "79"]
[EventDate "2012.03.31"]
[EventType "swiss"]
[EventRounds "7"]
[EventCountry "GER"]
[SourceTitle "EXT 2014"]
[Source "ChessBase"]
[SourceDate "2013.11.20"]
[SourceVersion "1"]
[SourceVersionDate "2013.11.20"]
[SourceQuality "1"]

1. e4 e5 2. Nf3 d5 3. exd5 Bd6 4. Bb5+ Nd7 5. d4 e4 6. Ne5 a6 7. Bxd7+ Bxd7 8. Nc3 Bf5 9. Qh5 g6 10. Qe2 Bb4 11. g4 Bc8 12. Nd3 Bxc3+ 13. bxc3 Nf6 14. Bg5 0-0 15. Ne5 Re8 16. h4 Qd6 17. Nc4 Qe7 18. Ne3 Qa3 19. Bxf6 Qxc3+ 20. Kf1 Qxa1+ 21. Kg2 Qb2 22. h5 Qb6 23. g5 Qd6 24. hxg6 fxg6 25. Rh4 Qf8 26. Nc4 Qf7 27. Ne5 Qxd5 28. c4 Qxd4 29. Rxe4 Qb6 30. f3 Bf5 31. Rh4 h5 32. Re4 Qe6 33. Re3 Bh3+ 34. Kg3 Bf5 35. c5 Qd5 36. Ng4 Qc6 37. Nh6+ Kf8 38. Re7 Be6 39. Rh7 Bg8 40. Bg7# 1-0

[Event "Solingen Karneval op"]
[Site "Solingen"]
[Date "2012.02.19"]
[Round "5"]
[White "Koenig, Falk"]
[Black "Kappelt, Joerg"]
[Result "1-0"]
[WhiteElo "2147"]
[BlackElo "2149"]
[PlyCount "69"]
[EventDate "2012.02.17"]
[EventType "swiss"]
[EventRounds "5"]
[EventCountry "GER"]
[SourceTitle "EXT 2015"]
[Source "ChessBase"]
[SourceDate "2014.11.20"]
[SourceVersion "1"]
[SourceVersionDate "2014.11.20"]
[SourceQuality "1"]

1. e4 d6 2. d4 Nf6 3. f3 e5 4. Be3 Be7 5. Qd2 Nbd7 6. d5 c6 7. c4 c5 8. Nc3 a6 9. a3 h6 10. Nge2 Nh7 11. g3 Bg5 12. f4 exf4 13. gxf4 Bh4+ 14. Ng3 Nhf6 15. 0-0-0 Ng4 16. Nf5 Qf6 17. Rg1 Nxe3 18. Nxg7+ Kd8 19. Qxe3 Ne5 20. Nh5 Qe7 21. fxe5 Bg5 22. Rxg5 hxg5 23. exd6 Qe5 24. Qxc5 Bd7 25. Qc7+ Ke8 26. Bh3 g4 27. Bxg4 Qg5+ 28. Kb1 Bxg4 29. Ng7+ Kf8 30. Ne6+ Bxe6 31. dxe6 Rh7 32. Rf1 Qg2 33. Rxf7+ Kg8 34. Rxh7 Qf1+ 35. Ka2 1-0

[Event "Leverkusen Bayer op 10th"]
[Site "Leverkusen"]
[Date "2012.01.25"]
[Round "2"]
[White "Kappelt, Joerg"]
[Black "Ziabari, Morteza"]
[Result "1-0"]
[WhiteElo "2143"]
[BlackElo "1768"]
[PlyCount "165"]
[EventDate "2012.01.11"]
[EventType "swiss"]
[EventRounds "7"]
[EventCountry "GER"]
[SourceTitle "EXT 2014"]
[Source "ChessBase"]
[SourceDate "2013.11.20"]
[SourceVersion "1"]
[SourceVersionDate "2013.11.20"]
[SourceQuality "1"]

1. e4 d6 2. d4 Nf6 3. f3 c6 4. c4 Qc7 5. Nc3 e5 6. d5 Nbd7 7. Bd3 Nc5 8. Nge2 Nxd3+ 9. Qxd3 Bd7 10. Be3 Be7 11. Rd1 h6 12. b4 g5 13. dxc6 bxc6 14. Nc1 Nh5 15. g3 Ng7 16. Nb3 f5 17. c5 fxe4 18. fxe4 dxc5 19. Nxc5 Bg4 20. Rc1 0-0 21. Rf1 Rxf1+ 22. Qxf1 Rf8 23. Qc4+ Kh7 24. Nd3 Qb8 25. a3 Rf3 26. Kd2 Bd7 27. Ne1 Rf6 28. Kc2 Be6 29. Qe2 a5 30. Rb1 axb4 31. axb4 Qf8 32. b5 cxb5 33. Qxb5 Bd6 34. Nd3 Qe7 35. Ra1 Bd7 36. Qb1 Qf8 37. Nd5 Rf3 38. Kd2 Be6 39. Qb5 Rf7 40. Ra6 Ne8 41. Ra8 Bd7 42. Qb6 Rf1 43. Qd8 Bc6 44. Rc8 Bxd5 45. exd5 Bb4+ 46. Kc2 Ng7 47. Qxf8 Bxf8 48. Nxe5 Bd6 49. Nc4 Nf5 50. Bb6 Rh1 51. g4 Rxh2+ 52. Kb3 Rh3+ 53. Ka4 Ne7 54. Nxd6 Nxd5 55. Bc5 Nf6 56. Rc7+ Kg6 57. Bd4 Rh4 58. Nf7 Nxg4 59. Kb5 Nh2 60. Ne5+ Kf5 61. Kc5 Ng4 62. Nf3 Rh3 63. Ng1 Rh1 64. Ne2 Ke4 65. Ng3+ Kf4 66. Nxh1 h5 67. Kd5 h4 68. Ke6 h3 69. Rc4 Kf3 70. Bc3 Ne3 71. Ra4 g4 72. Ba5 Ke2 73. Ra2+ Kf1 74. Nf2 Nd1 75. Nxd1 g3 76. Ra1 Ke2 77. Kf5 g2 78. Nc3+ Kf2 79. Ne4+ Kf3 80. Ng3 Kxg3 81. Ra3+ Kh4 82. Be1+ Kh5 83. Rxh3# 1-0

[Event "Solingen-ch"]
[Site "Solingen"]
[Date "2011.10.21"]
[Round "3"]
[White "Naundorf, Maik"]
[Black "Kappelt, Joerg"]
[Result "0-1"]
[WhiteElo "2134"]
[BlackElo "2153"]
[PlyCount "184"]
[EventDate "2011.09.23"]
[EventType "swiss"]
[EventRounds "7"]
[EventCountry "GER"]
[SourceTitle "EXT 2015"]
[Source "ChessBase"]
[SourceDate "2014.11.20"]
[SourceVersion "1"]
[SourceVersionDate "2014.11.20"]
[SourceQuality "1"]

1. g3 e5 2. c4 Nc6 3. Nc3 g6 4. Bg2 Bg7 5. e4 Nd4 6. Nge2 Nxe2 7. Qxe2 Ne7 8. d3 Nc6 9. Be3 d6 10. 0-0 h5 11. h4 Bg4 12. f3 Be6 13. Qd2 Nd4 14. Rf2 Qd7 15. Kh2 c6 16. Raf1 f6 17. b3 0-0-0 18. Ne2 Nxe2 19. Rxe2 Kb8 20. d4 Qc7 21. d5 Bc8 22. Rb1 f5 23. Ree1 f4 24. gxf4 Qe7 25. Kg3 Rhg8 26. fxe5 Bxe5+ 27. f4 g5 28. fxe5 Qxe5+ 29. Kf2 gxh4 30. Rg1 Qh2 31. Ke2 h3 32. Bf4 Rxg2+ 33. Rxg2 Qxg2+ 34. Kd3 Bg4 35. Qxg2 hxg2 36. Rg1 Bh3 37. c5 Kc8 38. cxd6 cxd5 39. exd5 Re8 40. Bh2 Rf8 41. Rc1+ Kd8 42. Bg1 Rf1 43. Kd2 b6 44. Be3 Kd7 45. Rc3 Bg4 46. Rc7+ Kxd6 47. Rxa7 g1Q 48. Bxg1 Rxg1 49. Ra6 Kc5 50. Ke3 Rd1 51. Ra4 Rxd5 52. Rc4+ Kd6 53. Rb4 Kc6 54. Kf4 b5 55. a4 bxa4 56. Rxa4 Rb5 57. Rc4+ Kd5 58. Rc3 Kd4 59. Rc4+ Kd3 60. Rc6 Rxb3 61. Kg5 Ke2 62. Rc2+ Kf1 63. Rc1+ Kg2 64. Re1 Rg3 65. Kh4 Bf3 66. Re2+ Kg1 67. Ra2 Rg2 68. Ra3 Kf2 69. Ra2+ Be2 70. Kh3 Rg1 71. Kh2 Rd1 72. Rb2 Rd3 73. Ra2 Rd8 74. Kh3 Ke3 75. Rb2 Bg4+ 76. Kg3 Rd2 77. Rb5 Rd3 78. Kh4 Kd4 79. Rb4+ Kc3 80. Ra4 Rh3+ 81. Kg5 Kd2 82. Ra2+ Ke1 83. Ra1+ Kf2 84. Ra2+ Be2 85. Ra4 Kg3 86. Ra3+ Bf3 87. Rb3 Rh1 88. Kf6 Rd1 89. Rb5 Rd4 90. Rb1 h4 91. Rg1+ Bg2 92. Ke5 Ra4 0-1

[Event "Solingen-ch"]
[Site "Solingen"]
[Date "2011.10.07"]
[Round "2"]
[White "Winkler, Fabian"]
[Black "Kappelt, Joerg"]
[Result "0-1"]
[WhiteElo "1969"]
[BlackElo "2153"]
[PlyCount "128"]
[EventDate "2011.09.23"]
[EventType "swiss"]
[EventRounds "7"]
[EventCountry "GER"]
[SourceTitle "EXT 2015"]
[Source "ChessBase"]
[SourceDate "2014.11.20"]
[SourceVersion "1"]
[SourceVersionDate "2014.11.20"]
[SourceQuality "1"]

1. d4 f5 2. c4 g6 3. Nc3 Nf6 4. g3 Bg7 5. Bg2 0-0 6. Nf3 d6 7. Qb3 c6 8. 0-0 Qe8 9. Re1 Ne4 10. c5+ Kh8 11. cxd6 exd6 12. Bf4 Qe7 13. Nxe4 fxe4 14. Ng5 d5 15. Rad1 Bf6 16. Bxb8 Rxb8 17. Nh3 Qg7 18. Qa3 Bxh3 19. Bxh3 Bxd4 20. e3 Bb6 21. Qc3 Qxc3 22. bxc3 Ba5 23. Rc1 b5 24. Re2 Bc7 25. Bd7 Rb6 26. Rb1 Rd8 27. Bh3 Be5 28. Rc2 Kg7 29. Kf1 Ra6 30. Rb3 Kf7 31. Ke2 Ke7 32. Bg2 Kd6 33. f3 exf3+ 34. Bxf3 Ra4 35. Rb4 Ra5 36. Rb3 Re8 37. Rd2 Kc5 38. Kd3 Bg7 39. Re2 Rd8 40. g4 Ra4 41. h3 a5 42. Rc2 Rf8 43. Bg2 Bh6 44. Rb1 Bg5 45. Rb3 Re8 46. Re2 Rc4 47. a3 Kb6 48. Bh1 Bf6 49. Rf2 Bh8 50. Rc2 Bg7 51. Bg2 a4 52. Rb1 Bf8 53. Ra1 Bc5 54. Re2 h5 55. Raa2 hxg4 56. hxg4 Rxg4 57. e4 dxe4+ 58. Bxe4 Rg3+ 59. Kc2 g5 60. Ra1 Rh8 61. Bf5 Rf8 62. Be4 Rf4 63. Kb2 Re3 64. Rae1 Rfxe4 0-1

[Event "Leverkusen Bayer op 9th"]
[Site "Leverkusen"]
[Date "2011.04.11"]
[Round "7"]
[White "Kappelt, Joerg"]
[Black "Wirtz, Uwe"]
[Result "1/2-1/2"]
[WhiteElo "2198"]
[BlackElo "1843"]
[PlyCount "118"]
[EventDate "2011.01.10"]
[EventType "swiss"]
[EventRounds "7"]
[EventCountry "GER"]
[SourceTitle "EXT 2012"]
[Source "ChessBase"]
[SourceDate "2011.11.24"]
[SourceVersion "1"]
[SourceVersionDate "2011.11.24"]
[SourceQuality "1"]

1. d4 d5 2. Nf3 Nf6 3. Bg5 e6 4. e3 Be7 5. Ne5 Nbd7 6. Nd2 Nxe5 7. dxe5 Nd7 8. Bf4 h5 9. h3 Bg5 10. Bxg5 Qxg5 11. Nf3 Qe7 12. a3 b6 13. Qd4 Bb7 14. h4 0-0-0 15. Qa4 Kb8 16. b4 c5 17. Bb5 d4 18. Bc6 dxe3 19. c3 exf2+ 20. Kxf2 f6 21. Bxb7 Kxb7 22. b5 fxe5 23. Qe4+ Kb8 24. Rhd1 Rhf8 25. g3 Rf5 26. Kg2 Nf6 27. Nxe5 Nxe4 28. Nc6+ Kc7 29. Nxe7 Rf2+ 30. Kg1 Rdd2 31. Rxd2 Rxd2 32. c4 Nxg3 33. Nc6 a6 34. a4 a5 35. Re1 Ne2+ 36. Kf2 Nd4+ 37. Ke3 Rg2 38. Nxd4 cxd4+ 39. Kxd4 Kd6 40. Kc3 Rg3+ 41. Kd4 Rg4+ 42. Re4 e5+ 43. Kd3 Rg3+ 44. Kc2 g5 45. hxg5 Rxg5 46. Re3 Rg4 47. Kc3 h4 48. Rd3+ Kc7 49. Rd5 Rg3+ 50. Kb2 e4 51. c5 h3 52. cxb6+ Kxb6 53. Rh5 Rf3 54. Rh6+ Kc5 55. b6 Rf7 56. Rxh3 Kxb6 57. Rh6+ Kc5 58. Re6 Rb7+ 59. Ka3 Kd4 1/2-1/2

[Event "Leverkusen Bayer op 9th"]
[Site "Leverkusen"]
[Date "2011.02.07"]
[Round "3"]
[White "Kappelt, Joerg"]
[Black "Bigott, Martin"]
[Result "1-0"]
[WhiteElo "2198"]
[BlackElo "1879"]
[PlyCount "45"]
[EventDate "2011.01.10"]
[EventType "swiss"]
[EventRounds "7"]
[EventCountry "GER"]
[SourceTitle "EXT 2012"]
[Source "ChessBase"]
[SourceDate "2011.11.24"]
[SourceVersion "1"]
[SourceVersionDate "2011.11.24"]
[SourceQuality "1"]

1. f4 d5 2. Nf3 c5 3. e3 Nc6 4. Bb5 Bd7 5. b3 a6 6. Bxc6 Bxc6 7. Bb2 Nf6 8. 0-0 g6 9. d3 Bg7 10. Nbd2 0-0 11. Qe1 b5 12. Qh4 Qb6 13. Ne5 Rac8 14. Ndf3 Ba8 15. g4 d4 16. e4 e6 17. g5 Nxe4 18. dxe4 Bxe4 19. Nd7 Qb7 20. Nxf8 Bxf8 21. Ne5 Bxc2 22. Ng4 Bg7 23. Nf6+ 1-0

[Event "Solingen-ch"]
[Site "Solingen"]
[Date "2010.11.26"]
[Round "6"]
[White "Goerke, Joachim"]
[Black "Kappelt, Joerg"]
[Result "0-1"]
[WhiteElo "2154"]
[BlackElo "2201"]
[PlyCount "46"]
[EventDate "2010.09.10"]
[EventType "swiss"]
[EventRounds "7"]
[EventCountry "GER"]
[SourceTitle "EXT 2012"]
[Source "ChessBase"]
[SourceDate "2011.11.24"]
[SourceVersion "1"]
[SourceVersionDate "2011.11.24"]
[SourceQuality "1"]

1. d4 Nf6 2. c4 g6 3. Nc3 Bg7 4. e4 d6 5. f3 0-0 6. Be3 e5 7. d5 c6 8. Qd2 cxd5 9. cxd5 Nh5 10. g4 Nf4 11. 0-0-0 Nd7 12. Nge2 a6 13. h4 b5 14. Nxf4 exf4 15. Bxf4 Ne5 16. Be2 b4 17. Na4 Qa5 18. b3 Bd7 19. Bh6 Bxh6 20. Qxh6 Bxa4 21. f4 Bxb3 22. axb3 Qa1+ 23. Kc2 Qa2+ 0-1

[Event "Solingen-ch"]
[Site "Solingen"]
[Date "2010.11.19"]
[Round "5"]
[White "Kappelt, Joerg"]
[Black "Peschel, Andreas"]
[Result "1/2-1/2"]
[WhiteElo "2201"]
[BlackElo "2173"]
[PlyCount "45"]
[EventDate "2010.09.10"]
[EventType "swiss"]
[EventRounds "7"]
[EventCountry "GER"]
[SourceTitle "EXT 2012"]
[Source "ChessBase"]
[SourceDate "2011.11.24"]
[SourceVersion "1"]
[SourceVersionDate "2011.11.24"]
[SourceQuality "1"]

1. e4 g6 2. d4 Bg7 3. Nc3 c6 4. f4 d5 5. e5 Nh6 6. Nf3 f6 7. Bd3 0-0 8. 0-0 fxe5 9. dxe5 Bg4 10. h3 Bxf3 11. Rxf3 Nd7 12. Ne2 e6 13. Be3 Qe7 14. Qd2 Nf5 15. Raf1 Nxe3 16. Qxe3 a6 17. c3 Rae8 18. Bb1 Qc5 19. Nd4 Qe7 20. Rg3 Kh8 21. Rff3 Bh6 22. Rg4 c5 23. Ne2 1/2-1/2

[Event "Niederrhein-ch"]
[Site "Krefeld"]
[Date "2007.04.01"]
[Round "3"]
[White "Kappelt, Joerg"]
[Black "Mursaniow, Joerg"]
[Result "1-0"]
[WhiteElo "2133"]
[BlackElo "1863"]
[PlyCount "75"]
[EventDate "2007.03.30"]
[EventType "swiss"]
[EventRounds "9"]
[EventCountry "GER"]
[SourceTitle "EXT 2010"]
[Source "ChessBase"]
[SourceDate "2010.11.25"]
[SourceVersion "1"]
[SourceVersionDate "2010.11.25"]
[SourceQuality "1"]

1. e4 e6 2. Nf3 d5 3. e5 c5 4. b4 cxb4 5. a3 bxa3 6. c3 Nc6 7. d4 g6 8. Bd3 Bg7 9. Nxa3 a6 10. Nb5 Bf8 11. h4 Bd7 12. Na3 h5 13. Bg5 Be7 14. Bd2 Nh6 15. Nc2 Qc7 16. 0-0 Nf5 17. g3 Nd8 18. Qe2 Rc8 19. Ne3 Bc6 20. Ng2 Qd7 21. Rfb1 Kf8 22. Nf4 Kg7 23. Ng5 Bxg5 24. hxg5 h4 25. g4 h3 26. gxf5 exf5 27. e6 Nxe6 28. Nxe6+ Qxe6 29. Bf4 Qxe2 30. Bxe2 f6 31. Bf3 Rh7 32. Re1 fxg5 33. Bxg5 Kf8 34. Kh2 Bb5 35. Re3 Bc4 36. Rae1 Rcc7 37. Re8+ Kf7 38. Rd8 1-0

[Event "Niederrhein-ch"]
[Site "Krefeld"]
[Date "2007.03.31"]
[Round "2"]
[White "Heinert, Eugen"]
[Black "Kappelt, Joerg"]
[Result "1-0"]
[WhiteElo "2049"]
[BlackElo "2133"]
[PlyCount "63"]
[EventDate "2007.03.30"]
[EventType "swiss"]
[EventRounds "9"]
[EventCountry "GER"]
[SourceTitle "EXT 2010"]
[Source "ChessBase"]
[SourceDate "2010.11.25"]
[SourceVersion "1"]
[SourceVersionDate "2010.11.25"]
[SourceQuality "1"]

1. d4 Nf6 2. Nc3 c5 3. d5 e6 4. e4 e5 5. h4 d6 6. h5 a6 7. a4 Be7 8. Be2 Nbd7 9. Nf3 b6 10. Nd2 Nf8 11. Nc4 N6d7 12. 0-0 g5 13. Bxg5 Bxg5 14. Nxd6+ Ke7 15. Nf5+ Ke8 16. Ng7+ Ke7 17. d6+ Kf6 18. Nf5 Bb7 19. Bc4 b5 20. Bd5 b4 21. Qf3 bxc3 22. Ne3+ Bf4 23. Qg4 Ne6 24. Bxb7 Bg5 25. h6 Kg6 26. Qf5+ Kxh6 27. Qxf7 Bxe3 28. Qxe6+ Qf6 29. Qh3+ Kg6 30. fxe3 Qd8 31. Bxa8 cxb2 32. Rab1 1-0

[Event "Niederrhein-ch"]
[Site "Krefeld"]
[Date "2007.03.30"]
[Round "1"]
[White "Kappelt, Joerg"]
[Black "Zahn, Richard"]
[Result "1-0"]
[WhiteElo "2133"]
[BlackElo "1905"]
[PlyCount "41"]
[EventDate "2007.03.30"]
[EventType "swiss"]
[EventRounds "9"]
[EventCountry "GER"]
[SourceTitle "EXT 2010"]
[Source "ChessBase"]
[SourceDate "2010.11.25"]
[SourceVersion "1"]
[SourceVersionDate "2010.11.25"]
[SourceQuality "1"]

1. e4 e6 2. Nf3 d5 3. e5 c5 4. b4 c4 5. d3 cxd3 6. Bxd3 Bxb4+ 7. c3 Bc5 8. 0-0 Nc6 9. Nbd2 Nge7 10. Nb3 Bb6 11. Re1 Bc7 12. Nbd4 a6 13. Qe2 Ng6 14. Nxc6 bxc6 15. Ba3 a5 16. g3 Bd7 17. h4 Qb8 18. h5 Nf8 19. h6 gxh6 20. Qe3 Bd8 21. Qxh6 1-0

[Event "NRW-ch"]
[Site "Muelheim"]
[Date "2006.10.10"]
[Round "4"]
[White "Henrichs, Wenke"]
[Black "Kappelt, Joerg"]
[Result "0-1"]
[WhiteElo "2087"]
[BlackElo "2142"]
[PlyCount "58"]
[EventDate "2006.10.07"]
[EventType "swiss"]
[EventRounds "7"]
[EventCountry "GER"]
[SourceTitle "CBM 114 Extra"]
[Source "ChessBase"]
[SourceDate "2006.11.03"]
[SourceVersion "1"]
[SourceVersionDate "2006.11.03"]
[SourceQuality "1"]

1. d4 f5 2. Nf3 Nf6 3. g3 g6 4. Bg2 Bg7 5. c4 d6 6. Nc3 0-0 7. 0-0 Qe8 8. d5 Bd7 9. Rb1 Na6 10. b4 c6 11. Nd4 c5 12. bxc5 Nxc5 13. Ba3 b6 14. Re1 Ng4 15. Ncb5 f4 16. e4 Qf7 17. f3 Ne3 18. Qe2 a6 19. Nxd6 exd6 20. Nc2 Nxc2 21. Qxc2 Bd4+ 22. Kf1 b5 23. Bc1 g5 24. Bb2 Bxb2 25. Rxb2 Rae8 26. Kg1 Qf6 27. cxb5 axb5 28. g4 Qd4+ 29. Kh1 Nd3 0-1

[Event "NRW-ch"]
[Site "Muelheim"]
[Date "2006.10.09"]
[Round "3"]
[White "Kappelt, Joerg"]
[Black "Tuschinske, Matthias"]
[Result "1/2-1/2"]
[WhiteElo "2142"]
[BlackElo "2126"]
[PlyCount "60"]
[EventDate "2006.10.07"]
[EventType "swiss"]
[EventRounds "7"]
[EventCountry "GER"]
[SourceTitle "CBM 114 Extra"]
[Source "ChessBase"]
[SourceDate "2006.11.03"]
[SourceVersion "1"]
[SourceVersionDate "2006.11.03"]
[SourceQuality "1"]

1. e4 c5 2. b4 cxb4 3. a3 d5 4. exd5 Qxd5 5. Nf3 e6 6. axb4 Bxb4 7. c3 Be7 8. Na3 Nc6 9. Nb5 Qd8 10. d4 Nf6 11. Bd3 0-0 12. 0-0 b6 13. Qe2 Bb7 14. Rd1 a6 15. Na3 b5 16. c4 Nb4 17. Bb1 bxc4 18. Nxc4 Rc8 19. Nfe5 Nbd5 20. Rd3 Nb6 21. Rg3 Nxc4 22. Bh6 g6 23. Nxg6 hxg6 24. Bxg6 fxg6 25. Qxe6+ Kh7 26. Bg5 Qd5 27. Rh3+ Nh5 28. Rxh5+ gxh5 29. Qh6+ Kg8 30. Qg6+ Kh8 1/2-1/2

[Event "Duesseldorf-ch"]
[Site "Duesseldorf"]
[Date "2006.09.21"]
[Round "3"]
[White "Werner, Michael"]
[Black "Kappelt, Joerg"]
[Result "1/2-1/2"]
[WhiteElo "1964"]
[BlackElo "2158"]
[PlyCount "76"]
[EventDate "2006.08.24"]
[EventType "swiss"]
[EventRounds "7"]
[EventCountry "GER"]
[SourceTitle "EXT 2008"]
[Source "ChessBase"]
[SourceDate "2007.11.25"]
[SourceVersion "1"]
[SourceVersionDate "2007.11.25"]
[SourceQuality "1"]

1. d4 g6 2. c4 Bg7 3. e4 c5 4. d5 b5 5. cxb5 a6 6. bxa6 Bxa6 7. Bxa6 Rxa6 8. Nc3 d6 9. Nf3 Nf6 10. 0-0 0-0 11. h3 Nfd7 12. Bf4 Rb6 13. Rb1 Na6 14. Re1 Qb8 15. Na4 Rb7 16. Qe2 Nc7 17. b3 Rc8 18. Rbc1 Rb4 19. Bd2 Rb5 20. Bc3 Nf6 21. Nd2 Bh6 22. Rcd1 Rb7 23. Nc4 Nb5 24. Ba1 Qa7 25. Qd3 Rd8 26. Re2 Nd7 27. g3 f6 28. f4 Rbb8 29. Rf2 Bg7 30. Bb2 Kh8 31. Kh1 Nf8 32. g4 e6 33. f5 e5 34. Rg2 g5 35. Nc3 Nd4 36. Na4 Nb5 37. Nc3 Nd4 38. Na4 Nb5 1/2-1/2

[Event "Duesseldorf-ch"]
[Site "Duesseldorf"]
[Date "2006.08.24"]
[Round "1"]
[White "Rummelshaus, Heinz"]
[Black "Kappelt, Joerg"]
[Result "0-1"]
[WhiteElo "1773"]
[BlackElo "2158"]
[PlyCount "82"]
[EventDate "2006.08.24"]
[EventType "swiss"]
[EventRounds "7"]
[EventCountry "GER"]
[SourceTitle "EXT 2008"]
[Source "ChessBase"]
[SourceDate "2007.11.25"]
[SourceVersion "1"]
[SourceVersionDate "2007.11.25"]
[SourceQuality "1"]

1. d4 g6 2. e4 Bg7 3. Nc3 c6 4. Nf3 d6 5. h3 Nf6 6. Bd3 0-0 7. 0-0 Nbd7 8. Be3 e5 9. dxe5 dxe5 10. a4 a5 11. Qe2 Qc7 12. Rfd1 Nh5 13. Bc4 Nf4 14. Qf1 h6 15. Rd2 Re8 16. Nh4 Nf8 17. Bc5 N8e6 18. Bd6 Qd8 19. Nf3 Nd4 20. Nxd4 Qxd6 21. Nb3 Qf6 22. Rad1 Bf8 23. Kh2 Bb4 24. Nc1 Kg7 25. N1e2 g5 26. Ng3 h5 27. Rd7 Bxd7 28. Rxd7 Rf8 29. Nf5+ Kh8 30. g3 Ne6 31. Qe2 Ng7 32. Rxb7 h4 33. Qe3 Nxf5 34. exf5 hxg3+ 35. fxg3 Bxc3 36. bxc3 Rab8 37. Rc7 Rb1 38. Qf3 e4 39. Qxe4 Qd6 40. Qe2 Qd1 41. Qe5+ Kh7 0-1

[Event "Niederrhein-ch"]
[Site "Niederrhein"]
[Date "2006.04.15"]
[Round "9.3"]
[White "Vasiljev, Jurij"]
[Black "Kappelt, Joerg"]
[Result "1/2-1/2"]
[WhiteElo "2062"]
[BlackElo "2155"]
[PlyCount "154"]
[EventDate "2006.04.07"]
[EventType "swiss"]
[EventRounds "9"]
[EventCountry "GER"]
[SourceTitle "CBM 111 Extra"]
[Source "ChessBase"]
[SourceDate "2006.05.09"]
[SourceVersion "1"]
[SourceVersionDate "2006.05.09"]
[SourceQuality "1"]

1. d4 Nf6 2. c4 g6 3. Nc3 Bg7 4. e4 0-0 5. e5 Ne8 6. Nf3 d6 7. Bf4 Bg4 8. Be2 Nc6 9. 0-0 dxe5 10. Nxe5 Bxe2 11. Nxe2 Nd6 12. Nxc6 bxc6 13. Qa4 Qd7 14. Rad1 Qe6 15. Bxd6 cxd6 16. Rfe1 Qc8 17. Rd3 e6 18. b4 a6 19. Qb3 Qd7 20. d5 cxd5 21. cxd5 e5 22. Rc3 Rac8 23. Rec1 Rxc3 24. Qxc3 Qb5 25. Qc4 Rb8 26. a3 e4 27. Nd4 Qxc4 28. Rxc4 Bxd4 29. Rxd4 Rc8 30. g4 f5 31. gxf5 gxf5 32. a4 Rc1+ 33. Kg2 Kg7 34. Rd2 Rb1 35. Rd4 Kf6 36. f4 exf3+ 37. Kxf3 Rb3+ 38. Kg2 Ke5 39. Rh4 Kxd5 40. b5 axb5 41. axb5 Rxb5 42. Rxh7 Ke4 43. h4 Rb2+ 44. Kg1 f4 45. h5 Kf3 46. h6 Rb1+ 47. Kh2 Rb5 48. Kg1 Rh5 49. Rh8 Rg5+ 50. Kf1 Ra5 51. Kg1 Ra1+ 52. Kh2 d5 53. h7 Ra7 54. Kg1 Rg7+ 55. Kf1 d4 56. Ke1 Rd7 57. Kd1 Kf2 58. Rf8 Rxh7 59. Rxf4+ Ke3 60. Rf1 Ra7 61. Rf8 Ra1+ 62. Kc2 d3+ 63. Kb2 Ra7 64. Rh8 Rb7+ 65. Kc3 Rc7+ 66. Kb4 d2 67. Rh3+ Ke4 68. Rh4+ Ke5 69. Rh5+ Ke6 70. Rh6+ Ke7 71. Rh7+ Ke8 72. Rh8+ Kd7 73. Rh7+ Ke6 74. Rh6+ Ke5 75. Rh5+ Kd4 76. Rh4+ Ke3 77. Rh3+ Ke2 1/2-1/2